[Event "Kandidatklassen 1996"]
[Site "Randers"]
[Date "1996.04.04"]
[Round "3"]
[White "Friis, Carsten Bank"]
[Black "Thuesen, Mogens Henrik"]
[Result "1/2-1/2"]
[WhiteElo "2246"]
[BlackElo "2230"]
[PlyCount "44"]
[EventDate "1996.??.??"]

1. d4 Nf6 2. c4 e5 3. dxe5 Ng4 4. e4 Nxe5 5. Nf3 Nbc6 6. Be2 Nxf3+ 7. Bxf3 Bb4+
8. Bd2 Bxd2+ 9. Qxd2 d6 10. Nc3 Be6 11. b3 O-O 12. O-O a5 13. Bd1 Qf6 14. Bc2
Qd4 15. Rad1 Qxd2 16. Rxd2 Rfe8 17. f3 Nb4 18. Bb1 Kf8 19. Kf2 h6 20. Rc1 Na6
21. Bc2 Nb4 22. Bb1 Na6 1/2-1/2

[Event "Kandidatklassen 1996"]
[Site "Randers"]
[Date "1996.04.04"]
[Round "3"]
[White "Hansen, Lars"]
[Black "Pilgaard, Kim"]
[Result "1-0"]
[WhiteElo "2225"]
[BlackElo "2339"]
[PlyCount "51"]
[EventDate "1996.??.??"]

1. e4 e5 2. Nc3 Nf6 3. g3 Nc6 4. Bg2 Bc5 5. Nge2 a5 6. O-O d6 7. h3 O-O 8. d3
Ne8 9. Kh2 f5 10. f4 exf4 11. Bxf4 Ba7 12. Qd2 Ne7 13. Rae1 Nf6 14. Bg5 h6 15.
Bxf6 Rxf6 16. g4 fxe4 17. Rxf6 e3 18. Qc1 gxf6 19. d4 h5 20. Qxe3 hxg4 21. Ng3
Nf5 22. Nxf5 Bxf5 23. Qf4 Bh7 24. Nd5 g3+ 25. Qxg3+ Kh8 26. Qh4 1-0

[Event "Kandidatklassen 1996"]
[Site "Randers"]
[Date "1996.04.04"]
[Round "3"]
[White "Hartvig, Ove Weiss"]
[Black "Abildlund, Jens"]
[Result "1-0"]
[WhiteElo "2315"]
[BlackElo "2209"]
[PlyCount "59"]
[EventDate "1996.??.??"]

1. e4 e6 2. d3 d5 3. Nd2 f5 4. Qe2 Be7 5. Ngf3 Nf6 6. exf5 exf5 7. Ne5 O-O 8.
f4 c5 9. g3 Bd6 10. Ndf3 Re8 11. Bg2 Nc6 12. O-O Qc7 13. Re1 Bd7 14. c3 Re7 15.
d4 Rae8 16. Be3 cxd4 17. cxd4 Qb6 18. Rac1 Ne4 19. Red1 Nb4 20. Nxd7 Rxd7 21.
Ne5 Rde7 22. a3 Nc6 23. Rd3 Rc7 24. Bxe4 fxe4 25. Rdc3 Nxd4 26. Qf2 Bxe5 27.
Rxc7 Bxc7 28. Bxd4 Qxd4 29. Qxd4 Bb6 30. Rc5 1-0

[Event "Kandidatklassen 1996"]
[Site "Randers"]
[Date "1996.04.04"]
[Round "3"]
[White "Hoiberg, Erling"]
[Black "Jacobsen, Bo"]
[Result "1-0"]
[WhiteElo "2206"]
[BlackElo "2287"]
[PlyCount "47"]
[EventDate "1996.??.??"]

1. d4 Nf6 2. Nf3 c5 3. dxc5 Qa5+ 4. Nc3 e6 5. Bd2 Bxc5 6. e3 Qc7 7. Nb5 Qd8 8.
Bc3 d5 9. Be5 Na6 10. Bd3 O-O 11. Ng5 g6 12. Qf3 Nd7 13. Qh5 Qxg5 14. Qxg5 f6
15. Bxf6 Rxf6 16. h4 Be7 17. h5 Rf7 18. Qg3 g5 19. Nd6 Rf8 20. h6 Nac5 21. Rh5
Kh8 22. Rxg5 Bf6 23. Rg8+ Rxg8 24. Nf7# 1-0

[Event "Kandidatklassen 1996"]
[Site "Randers"]
[Date "1996.04.04"]
[Round "3"]
[White "Holmsgaard, Henrik"]
[Black "Johansen, Morten"]
[Result "1-0"]
[WhiteElo "2248"]
[BlackElo "2190"]
[PlyCount "69"]
[EventDate "1996.??.??"]

1. c4 c6 2. e4 e5 3. Nf3 d6 4. d4 Nd7 5. Nc3 Ngf6 6. Be2 Be7 7. O-O O-O 8. Rb1
Re8 9. b4 Bf8 10. Qc2 h6 11. Rd1 Qc7 12. dxe5 dxe5 13. c5 a5 14. a3 axb4 15.
axb4 Be7 16. Na4 Nh7 17. Bb2 Ng5 18. Nd2 Bf6 19. Nc4 Ne6 20. Nd6 Rf8 21. Bg4 b5
22. Bxe6 Rxa4 23. Bh3 Ra7 24. Ra1 Rxa1 25. Bxa1 Rd8 26. Nxc8 Qxc8 27. Qd3 Nxc5
28. Qxd8+ Qxd8 29. Rxd8+ Bxd8 30. bxc5 Be7 31. Bxe5 Bxc5 32. Bd7 b4 33. Bxc6 b3
34. Bb2 Be7 35. Bd5 1-0

[Event "Kandidatklassen 1996"]
[Site "Randers"]
[Date "1996.04.04"]
[Round "3"]
[White "Larsen, Tom"]
[Black "Pedersen, Jan"]
[Result "1/2-1/2"]
[WhiteElo "2096"]
[BlackElo "2320"]
[PlyCount "127"]
[EventDate "1996.??.??"]

1. e4 e6 2. Qe2 c5 3. c3 Nc6 4. g3 g6 5. Bg2 Bg7 6. f4 Nge7 7. Nf3 b6 8. O-O d5
9. e5 O-O 10. d4 cxd4 11. cxd4 Nb4 12. Qd2 a5 13. a3 Nbc6 14. Nc3 Ba6 15. Re1
Bc4 16. Bf1 Qd7 17. Qd1 Rfc8 18. Be3 Rab8 19. Rc1 b5 20. b3 Bxf1 21. Rxf1 Nf5
22. Bf2 Bf8 23. Nb1 Na7 24. g4 Ng7 25. Qd2 a4 26. b4 Rxc1 27. Rxc1 Rc8 28. Ne1
Rc4 29. Nd3 Rxc1+ 30. Qxc1 Ne8 31. Nc5 Bxc5 32. Qxc5 Qc7 33. Nc3 Qxc5 34. bxc5
Nc7 35. Kf1 Nc6 36. Na2 Kf8 37. Ke2 Na5 38. Be1 Nc4 39. Bb4 Ke8 40. Kd3 Kd7 41.
Nc3 Kc6 42. Nd1 Na6 43. Kc3 h5 44. h3 Nb8 45. Kd3 Nd7 46. Ne3 Nxe3 47. Kxe3
hxg4 48. hxg4 Nb8 49. f5 gxf5 50. gxf5 exf5 51. Kf4 Kd7 52. Kxf5 Nc6 53. Bc3
Ke7 54. Kf4 f6 55. exf6+ Kxf6 56. Ke3 Kf5 57. Kd3 Ke6 58. Bd2 Ne7 59. Bb4 Kd7
60. Bd2 Kc6 61. Ba5 Nf5 62. Be1 Ne7 63. Ba5 Ng6 64. Bd2 1/2-1/2

[Event "Kandidatklassen 1996"]
[Site "Randers"]
[Date "1996.04.04"]
[Round "3"]
[White "Lauritsen, Niels"]
[Black "Pedersen, Nicolai Vesterbaek"]
[Result "1/2-1/2"]
[WhiteElo "2262"]
[BlackElo "2275"]
[PlyCount "48"]
[EventDate "1996.??.??"]

1. Nc3 Nf6 2. e4 e5 3. Nf3 Nc6 4. d4 exd4 5. Nxd4 Bb4 6. Nxc6 bxc6 7. Bd3 d5 8.
exd5 cxd5 9. O-O O-O 10. Bg5 c6 11. Na4 h6 12. Bh4 Bd6 13. Re1 Rb8 14. c3 Bg4
15. Qxg4 Nxg4 16. Bxd8 Rfxd8 17. h3 Ne5 18. Bc2 Re8 19. b3 Nd7 20. Rxe8+ Rxe8
21. Kf1 g6 22. Re1 Rxe1+ 23. Kxe1 Kg7 24. Bd3 Kf6 1/2-1/2

[Event "Kandidatklassen 1996"]
[Site "Randers"]
[Date "1996.04.04"]
[Round "3"]
[White "Ligaard, Morten Lund"]
[Black "Brondum, Eric"]
[Result "1/2-1/2"]
[WhiteElo "2173"]
[BlackElo "2227"]
[PlyCount "47"]
[EventDate "1996.??.??"]

1. d4 Nf6 2. Nf3 g6 3. c4 Bg7 4. Nc3 O-O 5. Bg5 h6 6. Bh4 d6 7. e3 Nbd7 8. Qc2
c6 9. Rd1 g5 10. Bg3 Nh5 11. Be2 Ndf6 12. O-O Nxg3 13. hxg3 Bg4 14. e4 Qc8 15.
e5 Ne8 16. Rfe1 Nc7 17. exd6 exd6 18. Ne4 Qd7 19. c5 Ne8 20. cxd6 Bf5 21. Bd3
Bxe4 22. Bxe4 Nxd6 23. Ne5 Qc7 24. Bd3 1/2-1/2

[Event "Kandidatklassen 1996"]
[Site "Randers"]
[Date "1996.04.04"]
[Round "3"]
[White "Olesen, Poul Erik Norgaard"]
[Black "Hoiberg, Nina"]
[Result "0-1"]
[WhiteElo "2136"]
[BlackElo "2300"]
[PlyCount "62"]
[EventDate "1996.??.??"]

1. e4 e5 2. Bc4 Nf6 3. d3 Bc5 4. Nf3 d6 5. c3 O-O 6. O-O Be6 7. Nbd2 Qd7 8. Re1
b5 9. Bb3 Bb6 10. a4 c6 11. Nf1 a5 12. Ng3 Na6 13. d4 Qa7 14. Bxe6 fxe6 15. Re2
exd4 16. axb5 d3 17. Qxd3 Nc5 18. Qd1 cxb5 19. Nd4 Qb7 20. Nxb5 Nfxe4 21. b4
Nxf2 22. Rxf2 Rxf2 23. Kxf2 Ne4+ 24. Ke2 Nxg3+ 25. hxg3 Qe4+ 26. Kf1 Rf8+ 27.
Bf4 Qe3 28. Qe1 Qd3+ 29. Qe2 Qxg3 30. Qxe6+ Kh8 31. Nxd6 Qf2# 0-1

[Event "Kandidatklassen 1996"]
[Site "Randers"]
[Date "1996.04.04"]
[Round "3"]
[White "Pedersen, Finn"]
[Black "Nielsen, Uffe V"]
[Result "0-1"]
[WhiteElo "2333"]
[BlackElo "2380"]
[PlyCount "112"]
[EventDate "1996.??.??"]

1. d4 Nf6 2. Nf3 g6 3. g3 Bg7 4. Bg2 O-O 5. O-O c5 6. e3 d5 7. Nbd2 Qc7 8. Ne5
Nbd7 9. f4 b6 10. c4 Bb7 11. cxd5 Nxd5 12. Qb3 Nxe5 13. dxe5 Rad8 14. a3 Qb8
15. Ne4 Nc7 16. Qc2 Qa8 17. b4 cxb4 18. axb4 Nb5 19. Bf3 Rc8 20. Qg2 Rc4 21.
Nf6+ exf6 22. Bxb7 Qe8 23. exf6 Bxf6 24. Rb1 Nc3 25. Rb3 Qa4 26. Ra3 Qxb4 27.
Rxa7 Nb5 28. Ra8 Rxa8 29. Bxa8 Qc5 30. Bd2 Bc3 31. Kh1 Nc7 32. Bf3 b5 33. f5 b4
34. Bd1 Bxd2 35. Qxd2 Rc1 36. fxg6 hxg6 37. Qd8+ Qf8 38. Qf6 Qa8+ 39. Kg1 Qd5
40. e4 Qe6 41. Qd8+ Ne8 42. Qd5 Qxd5 43. exd5 Kf8 44. Kf2 Nf6 45. d6 Ne4+ 46.
Ke3 Nc3 47. Be2 Rxf1 48. Bxf1 b3 49. Kd4 b2 50. Bd3 b1=Q 51. Bxb1 Nxb1 52. Ke5
Nd2 53. g4 Nc4+ 54. Kd5 Ne3+ 55. Kc6 Nxg4 56. d7 Ne5+ 0-1

[Event "Kandidatklassen 1996"]
[Site "Randers"]
[Date "1996.04.04"]
[Round "3"]
[White "Rasmussen, Peter"]
[Black "Ochsner, Thomas"]
[Result "1/2-1/2"]
[WhiteElo "2285"]
[BlackElo "2319"]
[PlyCount "85"]
[EventDate "1996.??.??"]

1. d4 Nf6 2. c4 e6 3. Nc3 Bb4 4. Qc2 O-O 5. a3 Bxc3+ 6. Qxc3 b6 7. Bg5 Bb7 8.
f3 c5 9. dxc5 bxc5 10. e3 Qe7 11. Bd3 Nc6 12. Ne2 h6 13. Bh4 d6 14. b4 cxb4 15.
axb4 Ne5 16. O-O Rfc8 17. Qb3 Qc7 18. Bxf6 gxf6 19. Rfc1 a5 20. bxa5 Ba6 21.
Nf4 Qc5 22. Bf1 Bxc4 23. Qc3 Bxf1 24. Qxc5 Rxc5 25. Rxc5 dxc5 26. Kxf1 Nc4 27.
Ke2 Rxa5 28. Rxa5 Nxa5 29. Nh5 f5 30. Nf6+ Kg7 31. Nd7 c4 32. Kd2 f6 33. Kc3
Kf7 34. Kb4 Ke7 35. Kxa5 Kxd7 36. Kb4 Kd6 37. Kxc4 Kc6 38. Kd4 Kd6 39. Kc4 Kc6
40. g4 fxg4 41. fxg4 f5 42. h3 Kd6 43. Kd4 1/2-1/2

[Event "Kandidatklassen 1996"]
[Site "Randers"]
[Date "1996.04.04"]
[Round "3"]
[White "Rewitz, Poul"]
[Black "Pedersen, Daniel Vesterbaek"]
[Result "1/2-1/2"]
[WhiteElo "2293"]
[BlackElo "2281"]
[PlyCount "94"]
[EventDate "1996.??.??"]

1. e4 e5 2. Nf3 Nc6 3. d4 exd4 4. Nxd4 Nf6 5. Nxc6 bxc6 6. e5 Qe7 7. Qe2 Nd5 8.
c4 Nb6 9. Nc3 a5 10. Qe4 Ba6 11. Bd3 Qe6 12. b3 Bb4 13. Bd2 d5 14. exd6 cxd6
15. O-O-O Qxe4 16. Bxe4 Ba3+ 17. Kb1 d5 18. cxd5 cxd5 19. Nxd5 Nxd5 20. Bxd5
Bd3+ 21. Ka1 O-O-O 22. Rc1+ Bxc1 23. Rxc1+ Kb8 24. Bf4+ Ka7 25. Be3+ Ka6 26.
Rc6+ Kb7 27. Bf3 Rhe8 28. Rf6+ Be4 29. Rxf7+ Kc6 30. Be2 Bxg2 31. Rxg7 Be4 32.
Kb2 Rg8 33. Re7 Rde8 34. Rxe8 Rxe8 35. Kc3 a4 36. b4 Bd5 37. b5+ Kd6 38. a3 Re4
39. Bd3 Rh4 40. Bg5 Rg4 41. h4 h6 42. Bxh6 Rxh4 43. Bf8+ Kc7 44. Bc5 Kb7 45.
Bd6 Kb6 46. f4 Rh3 47. Kd4 Rxd3+ 1/2-1/2

[Event "Kandidatklassen 1996"]
[Site "Randers"]
[Date "1996.04.04"]
[Round "3"]
[White "Sobjerg, Erik"]
[Black "Jorgensen, Michael Brunsgaard"]
[Result "1-0"]
[WhiteElo "2303"]
[BlackElo "2208"]
[PlyCount "101"]
[EventDate "1996.??.??"]

1. e4 e6 2. d4 d5 3. Nc3 Bb4 4. exd5 exd5 5. Bd3 Nc6 6. a3 Bxc3+ 7. bxc3 Nge7
8. Qf3 O-O 9. Ne2 Be6 10. Rb1 Qc8 11. O-O Bg4 12. Qg3 Bf5 13. Nf4 Rd8 14. Re1
Rb8 15. h3 Qd7 16. Nh5 Bg6 17. Bh6 Qd6 18. Bf4 Qd7 19. Qf3 Kh8 20. Bg5 Qd6 21.
Re2 Rf8 22. Rbe1 Ng8 23. a4 h6 24. Bc1 Na5 25. Nf4 Bxd3 26. cxd3 Nf6 27. Re5
Rbd8 28. g4 c6 29. Qg3 Nh7 30. Nh5 Nb3 31. Bf4 Qg6 32. Qe3 c5 33. dxc5 d4 34.
cxd4 Nxd4 35. Re4 Nc2 36. Qe2 Nxe1 37. Qxe1 Rxd3 38. Qe2 Rdd8 39. Bd6 Rg8 40.
Nf4 Qg5 41. Be7 Nf6 42. Bxd8 Rxd8 43. Rc4 h5 44. Ng2 hxg4 45. hxg4 Rd2 46. Qf3
Qe5 47. g5 Qxg5 48. Rh4+ Kg8 49. Qh3 g6 50. Qc8+ Kg7 51. Qh8# 1-0

[Event "Kandidatklassen 1996"]
[Site "Randers"]
[Date "1996.04.05"]
[Round "4"]
[White "Abildlund, Jens"]
[Black "Christensen, Thomas K"]
[Result "0-1"]
[WhiteElo "2209"]
[BlackElo "2180"]
[PlyCount "76"]
[EventDate "1996.??.??"]

1. d4 d5 2. Nf3 c6 3. c3 Bg4 4. Ne5 Bf5 5. g4 Bxb1 6. Rxb1 Nd7 7. Bf4 Ngf6 8.
e3 e6 9. Bd3 Nxe5 10. Bxe5 Bd6 11. Bg3 Qc7 12. Qf3 e5 13. Qf5 e4 14. Be2 Qd7
15. Qxd7+ Kxd7 16. Kd2 Bxg3 17. hxg3 h6 18. Rhc1 b5 19. b3 a5 20. c4 dxc4 21.
bxc4 b4 22. a3 c5 23. dxc5 Rhb8 24. Rb3 Kc6 25. Kc2 Nd7 26. axb4 axb4 27. Rcb1
Ra2+ 28. R3b2 Ra4 29. Rd1 Nxc5 30. Rdb1 Nd7 31. Rd1 b3+ 32. Kc3 Nc5 33. Rdb1
Ra3 34. Kd2 Na4 35. f4 Kc5 36. Bd1 Nxb2 37. Rxb2 Kxc4 38. Be2+ Kb4 0-1

[Event "Kandidatklassen 1996"]
[Site "Randers"]
[Date "1996.04.05"]
[Round "4"]
[White "Friis, Carsten Bank"]
[Black "Pedersen, Finn"]
[Result "0-1"]
[WhiteElo "2246"]
[BlackElo "2333"]
[PlyCount "80"]
[EventDate "1996.??.??"]

1. d4 d5 2. Nf3 c6 3. Bf4 Qb6 4. Qc1 Bg4 5. Nbd2 Nf6 6. h3 Bh5 7. e3 e6 8. Bd3
c5 9. c3 Nbd7 10. O-O Bd6 11. Ne5 Qc7 12. Bb5 O-O-O 13. Nxd7 Nxd7 14. Bxd6 Qxd6
15. dxc5 Nxc5 16. Nb3 Qb6 17. Nxc5 Qxb5 18. Nb3 Kb8 19. Qd2 f6 20. Nd4 Qd7 21.
a4 e5 22. Nc2 g5 23. Kh2 Rhg8 24. a5 a6 25. Ra3 Qb5 26. Raa1 Rd7 27. f4 gxf4
28. exf4 Bg6 29. fxe5 fxe5 30. Ne3 Be4 31. Rf6 Rdg7 32. Rg1 Qxa5 33. Qf2 Qd8
34. g3 h5 35. h4 Ka8 36. Rf1 Rxg3 37. Qxg3 Rxg3 38. Kxg3 Ka7 39. Rf8 Qb6 40.
Re1 Qxb2 0-1

[Event "Kandidatklassen 1996"]
[Site "Randers"]
[Date "1996.04.05"]
[Round "4"]
[White "Hartvig, Ove Weiss"]
[Black "Matthiesen, Arne"]
[Result "1-0"]
[WhiteElo "2315"]
[BlackElo "2204"]
[PlyCount "57"]
[EventDate "1996.??.??"]

1. e4 e6 2. d3 b6 3. Nd2 Bb7 4. Ngf3 d5 5. g3 dxe4 6. dxe4 Nf6 7. Bg2 Nxe4 8.
Ne5 Nxf2 9. Qh5 g6 10. Qe2 Bxg2 11. Qxf2 Qd5 12. Qxf7+ Kd8 13. Qf6+ Kc8 14. Rg1
Rg8 15. c4 Qd6 16. Rxg2 Bg7 17. Qf7 Bxe5 18. Qxg8+ Kb7 19. Qxh7 Qc6 20. Qh3 Na6
21. Re2 Nb4 22. Kd1 Qa4+ 23. b3 Qa5 24. Qg2+ c6 25. Rb1 Nxa2 26. Ne4 Rd8+ 27.
Rd2 Rxd2+ 28. Qxd2 Bc3 29. Qd7+ 1-0

[Event "Kandidatklassen 1996"]
[Site "Randers"]
[Date "1996.04.05"]
[Round "4"]
[White "Hoiberg, Nina"]
[Black "Sobjerg, Erik"]
[Result "1-0"]
[WhiteElo "2300"]
[BlackElo "2303"]
[PlyCount "85"]
[EventDate "1996.??.??"]

1. e4 e5 2. d4 exd4 3. Nf3 Nc6 4. Bc4 Nf6 5. e5 d5 6. Bb5 Ne4 7. Nxd4 Bd7 8.
Bxc6 bxc6 9. O-O Bc5 10. f3 Ng5 11. Be3 Bb6 12. f4 Ne4 13. Nc3 c5 14. Nb3 c4
15. Nd4 Nxc3 16. bxc3 Qe7 17. Qf3 c6 18. Qg3 O-O 19. f5 f6 20. e6 Be8 21. Bf4
Rd8 22. Bh6 Rc8 23. Rab1 c5 24. Ne2 Bc6 25. Qg4 Kh8 26. Be3 d4 27. cxd4 cxd4
28. Bxd4 Qa3 29. Bxb6 axb6 30. Nf4 Rfd8 31. Rfe1 Rd2 32. Rbd1 Qc3 33. Rxd2 Qxd2
34. Qh4 Re8 35. Qf2 Qd6 36. h3 b5 37. c3 Kg8 38. Ne2 Qd5 39. Nd4 Bb7 40. Rb1
Bc6 41. Nxc6 Qxc6 42. Rd1 g6 43. Qa7 1-0

[Event "Kandidatklassen 1996"]
[Site "Randers"]
[Date "1996.04.05"]
[Round "4"]
[White "Holmsgaard, Henrik"]
[Black "Hansen, Lars"]
[Result "1-0"]
[WhiteElo "2248"]
[BlackElo "2225"]
[PlyCount "53"]
[EventDate "1996.??.??"]

1. Nf3 g6 2. d4 Bg7 3. e4 d6 4. Nc3 a6 5. a4 Bg4 6. Be3 Nc6 7. d5 Nb8 8. Be2 e5
9. dxe6 fxe6 10. Ng5 Bxe2 11. Qxe2 Qd7 12. Qc4 Ke7 13. f4 h6 14. Nf3 Nc6 15.
Nh4 Qe8 16. O-O-O Kd7 17. e5 g5 18. exd6 gxh4 19. Ne4 b6 20. a5 Rb8 21. dxc7+
Kxc7 22. axb6+ Rxb6 23. Bxb6+ Kxb6 24. Qb3+ Kc7 25. Nc5 Bd4 26. Nxe6+ Kd6 27.
Nxd4 1-0

[Event "Kandidatklassen 1996"]
[Site "Randers"]
[Date "1996.04.05"]
[Round "4"]
[White "Johansen, Morten"]
[Black "Pilgaard, Kim"]
[Result "0-1"]
[WhiteElo "2190"]
[BlackElo "2339"]
[PlyCount "84"]
[EventDate "1996.??.??"]

1. d4 Nf6 2. c4 e6 3. Nc3 Bb4 4. Bg5 c5 5. d5 exd5 6. cxd5 d6 7. e3 Nbd7 8.
Nge2 O-O 9. a3 Ba5 10. Rb1 c4 11. Qd4 Ne5 12. Ng3 b5 13. Nh5 Bf5 14. Rc1 Bg6
15. Bxf6 gxf6 16. Nf4 a6 17. Be2 Kh8 18. Nxg6+ hxg6 19. O-O f5 20. Qf4 Kg7 21.
h4 Rc8 22. e4 Bxc3 23. Rxc3 fxe4 24. Qxe4 Rh8 25. g3 Qf6 26. Kg2 Rhe8 27. Qc2
Rc5 28. Rd1 Re7 29. Qd2 Qf5 30. Re3 Qf6 31. Qd4 Rec7 32. Rc3 Nd7 33. Qe4 Qe5
34. Qf3 Nb6 35. h5 Rxd5 36. h6+ Kxh6 37. Rh1+ Kg7 38. Re3 Qf5 39. Qe4 Qxe4+ 40.
Rxe4 Re5 41. Bf3 Rxe4 42. Bxe4 d5 0-1

[Event "Kandidatklassen 1996"]
[Site "Randers"]
[Date "1996.04.05"]
[Round "4"]
[White "Larsen, Tom"]
[Black "Jacobsen, Bo"]
[Result "0-1"]
[WhiteElo "2096"]
[BlackElo "2287"]
[PlyCount "80"]
[EventDate "1996.??.??"]

1. e4 g6 2. d4 Bg7 3. Nc3 c6 4. Nf3 d6 5. Be2 Nf6 6. h3 O-O 7. Be3 b5 8. a3 Qc7
9. O-O a6 10. Qc1 Nbd7 11. Bh6 e5 12. Bxg7 Kxg7 13. dxe5 dxe5 14. Qe3 Bb7 15.
Nh4 a5 16. b4 axb4 17. axb4 Qd6 18. Rab1 Qd4 19. Qg3 Nxe4 20. Nf5+ Kh8 21. Nxe4
Qxe4 22. Bd3 Qd5 23. Qh4 Qe6 24. Ng3 f5 25. Rfe1 Rfe8 26. Qh6 Nf6 27. f3 Ra4
28. Qd2 Qd6 29. Nf1 Nd5 30. c3 Nf4 31. Red1 Rd8 32. Bxb5 Qxd2 33. Rxd2 Rxd2 34.
Bxa4 Rxg2+ 35. Kh1 Kg7 36. Rd1 Kh6 37. c4 c5 38. Nh2 Ra2 39. Bd7 cxb4 40. c5
Rc2 0-1

[Event "Kandidatklassen 1996"]
[Site "Randers"]
[Date "1996.04.05"]
[Round "4"]
[White "Ligaard, Morten Lund"]
[Black "Rewitz, Poul"]
[Result "1/2-1/2"]
[WhiteElo "2173"]
[BlackElo "2293"]
[PlyCount "117"]
[EventDate "1996.??.??"]

1. d4 d5 2. Nf3 Nc6 3. Bf4 Bg4 4. e3 e6 5. Be2 Bd6 6. c3 Nf6 7. O-O O-O 8. Nbd2
Re8 9. Bxd6 cxd6 10. c4 dxc4 11. Nxc4 Re7 12. h3 Bxf3 13. Bxf3 d5 14. Nd2 Qb6
15. Nb3 Rc7 16. Qd2 Qb4 17. Rfc1 Qxd2 18. Nxd2 Rac8 19. Kf1 Kf8 20. Bd1 Ke7 21.
Rc3 Na5 22. Rxc7+ Rxc7 23. Ke2 a6 24. Kd3 b5 25. f3 g5 26. Rb1 Rc8 27. Nb3 Nb7
28. Rc1 Rc4 29. Rc3 Nd7 30. Nd2 Rxc3+ 31. Kxc3 Kd6 32. Kb4 Kc6 33. Nb3 Kb6 34.
Kc3 Nd6 35. Nd2 Nf5 36. Kd3 Kc6 37. Nf1 Nb6 38. g3 Nc4 39. b3 Ncd6 40. e4 Ne7
41. a3 a5 42. Ne3 f5 43. e5 Ndc8 44. f4 gxf4 45. gxf4 Kd7 46. Be2 Nc6 47. Nc2
Nb6 48. Kc3 Na7 49. Ne1 Na8 50. Kd2 Nc7 51. Nd3 Ke7 52. Nc5 Nc6 53. Ke3 Nd8 54.
Bd3 Kf7 55. Be2 Kg6 56. Bf3 Kf7 57. Be2 Ke7 58. Bd3 Kf7 59. Be2 1/2-1/2

[Event "Kandidatklassen 1996"]
[Site "Randers"]
[Date "1996.04.05"]
[Round "4"]
[White "Ochsner, Thomas"]
[Black "Pedersen, Nicolai Vesterbaek"]
[Result "1-0"]
[WhiteElo "2319"]
[BlackElo "2275"]
[PlyCount "81"]
[EventDate "1996.??.??"]

1. e4 c5 2. Nf3 Nc6 3. Bb5 d6 4. O-O Bd7 5. Re1 a6 6. Bf1 g6 7. c3 Bg4 8. d3
Bg7 9. Nbd2 e5 10. h3 Be6 11. Nb3 Qb6 12. Be3 a5 13. Rb1 a4 14. Nc1 Nge7 15. b4
axb3 16. axb3 Qc7 17. d4 cxd4 18. cxd4 exd4 19. Nxd4 Nxd4 20. Bxd4 Bxd4 21.
Qxd4 O-O 22. Nd3 Nc6 23. Qb2 Qa5 24. Nf4 Qe5 25. Nxe6 Qxe6 26. Bc4 Qe5 27. Qd2
Rfd8 28. Bd5 Rd7 29. Red1 Ne7 30. f4 Qh5 31. Bc4 Rad8 32. Ra1 d5 33. Bb5 Rc7
34. Be2 Qh4 35. Bc4 d4 36. Ra5 Qg3 37. Rg5 Qh4 38. e5 Qh6 39. Qa5 Rcd7 40. Qb6
Nf5 41. Rxf5 1-0

[Event "Kandidatklassen 1996"]
[Site "Randers"]
[Date "1996.04.05"]
[Round "4"]
[White "Olesen, Poul Erik Norgaard"]
[Black "Jorgensen, Michael Brunsgaard"]
[Result "1-0"]
[WhiteElo "2136"]
[BlackElo "2208"]
[PlyCount "75"]
[EventDate "1996.??.??"]

1. e4 e6 2. d4 d5 3. Nc3 Bb4 4. Bd2 dxe4 5. Qg4 Nf6 6. Qxg7 Rg8 7. Qh6 Nc6 8.
O-O-O Bd7 9. Nge2 Bxc3 10. Nxc3 Nxd4 11. Bg5 Nf5 12. Qxf6 Rxg5 13. Nxe4 Rg6 14.
Qh8+ Ke7 15. Qe5 Rc8 16. g4 Nd6 17. Nxd6 cxd6 18. Qxd6+ Ke8 19. Qd4 Qc7 20. Bd3
Rg5 21. Rhe1 h6 22. h4 Rc5 23. Kb1 Ra5 24. f4 Ra4 25. Qh8+ Ke7 26. Qxh6 Qxf4
27. g5 Rb4 28. Rf1 Rxb2+ 29. Kxb2 Qb4+ 30. Kc1 Qa3+ 31. Kd2 Qb4+ 32. Ke2 Qg4+
33. Ke3 Qg3+ 34. Rf3 Qe5+ 35. Kd2 Qc3+ 36. Ke2 Qe5+ 37. Kf1 Bb5 38. Qf6+ 1-0

[Event "Kandidatklassen 1996"]
[Site "Randers"]
[Date "1996.04.05"]
[Round "4"]
[White "Pedersen, Daniel Vesterbaek"]
[Black "Hoiberg, Erling"]
[Result "1-0"]
[WhiteElo "2281"]
[BlackElo "2206"]
[PlyCount "131"]
[EventDate "1996.??.??"]

1. e4 c5 2. c3 d5 3. exd5 Qxd5 4. d4 Nf6 5. Nf3 Bg4 6. Be2 e6 7. h3 Bh5 8. c4
Qd8 9. Qb3 cxd4 10. Qxb7 Nbd7 11. Nxd4 Rb8 12. Qa6 Rb6 13. Qa4 Rb4 14. Qd1 Rxc4
15. g4 Bb4+ 16. Kf1 Rxd4 17. Qxd4 Bc5 18. Qf4 Bg6 19. Nc3 O-O 20. Be3 e5 21.
Qc4 Bxe3 22. fxe3 Qb6 23. Nd5 Qxb2 24. Ne7+ Kh8 25. Nxg6+ fxg6 26. Kg2 Nd5 27.
Kg3 Nxe3 28. Qd3 Nd5 29. Rhb1 Qc3 30. Qxc3 Nxc3 31. Rb2 Nc5 32. Bc4 h5 33. Rf1
Rd8 34. Rc2 N5e4+ 35. Kg2 Kh7 36. Re1 Kh6 37. Re3 Kg5 38. Rcxc3 Nxc3 39. Rxc3
hxg4 40. Rg3 Rd2+ 41. Kf1 Kf4 42. Rxg4+ Kf3 43. Ke1 Rd6 44. Be2+ Ke3 45. Ra4
Rd7 46. Ra6 g5 47. Ra3+ Ke4 48. Kf2 Kf4 49. Rf3+ Ke4 50. Rg3 Rd2 51. Rg4+ Kd5
52. Ra4 Rc2 53. Rxa7 Rc3 54. Bg4 Ke4 55. Ra4+ Kd3 56. Bf5+ Kd2 57. Re4 g6 58.
Re2+ Kd1 59. Bg4 Kc1 60. Rxe5 Rc4 61. Re2 Kb1 62. Be6 Ra4 63. Kg3 Ka1 64. Bb3
Ra5 65. Kg4 Kb1 66. Re6 1-0

[Event "Kandidatklassen 1996"]
[Site "Randers"]
[Date "1996.04.05"]
[Round "4"]
[White "Rasmussen, Peter"]
[Black "Lauritsen, Niels"]
[Result "1-0"]
[WhiteElo "2285"]
[BlackElo "2262"]
[PlyCount "76"]
[EventDate "1996.??.??"]

1. d4 Nf6 2. c4 Nc6 3. Nf3 e6 4. Nc3 Bb4 5. Qc2 O-O 6. Bg5 h6 7. Bh4 g5 8. Nxg5
hxg5 9. Bxg5 Nxd4 10. Qd3 e5 11. O-O-O Be7 12. Bh6 Kh8 13. Bxf8 Qxf8 14. e3 Ne6
15. h4 d6 16. f3 b5 17. cxb5 a6 18. bxa6 Bxa6 19. Qd2 Bb7 20. Bc4 d5 21. Nxd5
Bxd5 22. Bxd5 Bb4 23. Qd3 Qc5+ 24. Qc4 Qxe3+ 25. Kb1 Nxd5 26. Rxd5 Bc5 27. Qe4
Qxe4+ 28. fxe4 Bd4 29. Rd7 Kg7 30. Rf1 Rf8 31. h5 Nc5 32. Rxc7 Nxe4 33. Kc2 Ng5
34. g4 Rb8 35. b3 Kh6 36. Rf6+ Kg7 37. Rf5 Kh6 38. Rc6+ Kg7 1-0

[Event "Kandidatklassen 1996"]
[Site "Randers"]
[Date "1996.04.06"]
[Round "5"]
[White "Abildlund, Jens"]
[Black "Jorgensen, Michael Brunsgaard"]
[Result "1-0"]
[WhiteElo "2209"]
[BlackElo "2208"]
[PlyCount "61"]
[EventDate "1996.??.??"]

1. d4 f5 2. Qd3 d5 3. g4 fxg4 4. h3 g3 5. Qxg3 Nf6 6. Nc3 Bf5 7. Bf4 Nh5 8. Qg5
g6 9. Be5 Bg7 10. Bxg7 Nxg7 11. O-O-O O-O 12. f3 b5 13. e4 dxe4 14. fxe4 b4 15.
exf5 bxc3 16. fxg6 cxb2+ 17. Kb1 Nd7 18. Bc4+ e6 19. Qh6 hxg6 20. Qxg6 Qf6 21.
Qg2 Nb6 22. Qc6 Rad8 23. Ne2 Rd6 24. Qc5 Qf5 25. Bd3 Qf7 26. Nc3 Qd7 27. Rdf1
Rb8 28. Qg5 Rxd4 29. Qg6 Rh4 30. Rhg1 c5 31. Qg3 1-0

[Event "Kandidatklassen 1996"]
[Site "Randers"]
[Date "1996.04.06"]
[Round "5"]
[White "Hansen, Lars"]
[Black "Lauritsen, Niels"]
[Result "1-0"]
[WhiteElo "2225"]
[BlackElo "2262"]
[PlyCount "42"]
[EventDate "1996.??.??"]

1. e4 c6 2. d4 d5 3. Nc3 g6 4. Nf3 Bg4 5. exd5 cxd5 6. h3 Bxf3 7. Qxf3 e6 8.
Bf4 Nc6 9. O-O-O a6 10. h4 h5 11. Bd3 Bh6 12. Rhe1 Bxf4+ 13. Qxf4 Nge7 14. Na4
Qa5 15. Nc5 Qxa2 16. Qf6 O-O-O 17. Qxf7 Kb8 18. Qxe6 Rhe8 19. c3 b6 20. Kc2 Nf5
21. Qxc6 bxc5 1-0

[Event "Kandidatklassen 1996"]
[Site "Randers"]
[Date "1996.04.06"]
[Round "5"]
[White "Jacobsen, Bo"]
[Black "Hartvig, Ove Weiss"]
[Result "1-0"]
[WhiteElo "2287"]
[BlackElo "2315"]
[PlyCount "79"]
[EventDate "1996.??.??"]

1. Nf3 g6 2. g3 Bg7 3. e4 c5 4. Bg2 Nc6 5. O-O e6 6. Nc3 Nge7 7. d3 d6 8. Be3
Nd4 9. Qd2 Qa5 10. h4 Nec6 11. Nh2 Bd7 12. a3 f5 13. Kh1 h6 14. b4 Qc7 15. bxc5
dxc5 16. exf5 gxf5 17. Rab1 O-O-O 18. Na4 Na5 19. Nc3 Nac6 20. Nf3 Qa5 21. Bxd4
cxd4 22. Nb5 Qxd2 23. Nxd2 Be8 24. Nc4 Bf8 25. Rfe1 a6 26. Rxe6 axb5 27. Rxb5
Rh7 28. Rxf5 Bd7 29. Nb6+ Kc7 30. Nxd7 Kxd7 31. Rg6 Ne7 32. Rb6 Nxf5 33. Rxb7+
Ke6 34. Rxh7 Rd7 35. Rh8 Kf7 36. Be4 Nd6 37. Bg6+ Ke7 38. a4 Bg7 39. Rg8 Kf6
40. h5 1-0